5 Nights at Freddy's 1 lyrics - Statistics

General Stats
  • This quiz has been taken 917 times
  • The average score is 21 of 31
Answer Stats
Lyrics Lyrics Answers % Correct
We're waiting every night
97%
Please let us get in
88%
Newcomers to come play
88%
Still and play
88%
With us for many years
86%
We've been all alone
85%
We've been so alone
85%
Our life away
84%
Don't lock us away
84%
And invite
82%
To finally roam
81%
That day
79%
An imposter took
79%
And now we're stuck
76%
Here to decay
74%
We knew since
73%
What you're thinking
69%
Zone since 1987
67%
So join us, be our friend
67%
We're forced to be
67%
We're poor
66%
The same songs
66%
Lost our control
61%
In our little
60%
Little souls who have
51%
And we're forced to take that role
51%
We don't like
38%
5 Nights at Freddy's is this where you wanna be
33%
On and defend
24%
Or go
10%
After all you got
7%
No matching quizzes found
Score Distribution
Percent of People with Each Score
Percentile by Number Answered
Your Score History
You have not taken this quiz